Autobahnausfahrten an der BAB 24 - Statistiken

Allgemein
  • Dieses Quiz wurde 8 mal gespielt
  • Das Durchschnittsergebnis liegt bei 15 aus 28
Antwortstatistiken
Hint Antwort % Korrekt
24 Neuruppin
100%
22 Dreieck Wittstock / Dosse
80%
16 Neustadt-Glewe
80%
6 Schwarzenbek / Grande
80%
12 Wittenburg
80%
28 Dreieck Havelland
60%
9 Gudow
60%
13 Hagenow
60%
8 Hornbek
60%
3 Kreuz Hamburg-Ost
60%
21 Pritzwalk
60%
4 Reinbek
60%
7 Talkau
60%
11 Zarrentin
60%
26 Fehrbellin
40%
10 Gallin
40%
1 Hamburg-Horn
40%
2 Hamburg-Jenfeld
40%
23 Herzsprung
40%
27 Kremmen
40%
15 Kreuz Schwerin
40%
20 Meyenburg
40%
25 Neuruppin-Süd
40%
17 Parchim
40%
19 Putlitz
40%
18 Suckow
40%
5 Witzhave
40%
14 Wöbbelin
40%
Keine übereinstimmenden Quizze gefunden
Verteilung der Resultate
Anzahl Personen mit jedem Resultat
Perzentil nach korrekt beantworteten Fragen
Ihre Resultats-Entwicklung
Sie haben dieses Quiz noch nicht gespielt